000 00507nam a22001817a 4500
003 NUST
038 _aNusrat Nadeem
040 _cCentral Library
082 _aBICSE-6 JUN
100 _aHafiz Junaid Ahmad,Usman Rasheed
_991940
245 _aIPv6 TUNNEL BROKER
260 _aIslamabad,
_bNUST SEECS,
_c2012
300 _a67,pages,
_bHB,
_c25,cm.
563 _aHB,
700 _aSupervisor : Dr. Adeel Baig
_991941
856 _uhttp://10.250.8.41:8080/xmlui/handle/123456789/28605
942 _2ddc
_cTHE
999 _c590059
_d590059